Statistics for Dream Theater Discography

Click here to take the quiz!

General Stats

  • This quiz has been taken 12 times
  • The average score is 65 of 153

Answer Stats

Songs% Correct
Wither
100%
6:00
89%
A Nightmare to Remember
89%
Another Day
89%
As I Am
89%
Constant Motion
89%
In the Presence of Enemies - Part I
89%
In the Presence of Enemies - Part II
89%
Octavarium
89%
Pull Me Under
89%
The Count of Tuscany
89%
Anna Lee
78%
Caught in a Web
78%
I. Overture
78%
Learning to Live
78%
Metropolis—Part I: 'The Miracle and the Sleeper'
78%
Panic Attack
78%
Peruvian Skies
78%
Scene Eight: The Spirit Carries On
78%
Scene Nine: Finally Free
78%
Scene Seven: II. One Last Time
78%
Scene Seven: I. The Dance of Eternity
78%
Scene Six: Home
78%
Surrounded
78%
Take the Time
78%
The Glass Prison
78%
Under a Glass Moon
78%
Wait for Sleep
78%
Honor Thy Father
67%
I Walk Beside You
67%
Lines in the Sand
67%
Misunderstood
67%
Scene Five: Through Her Eyes
67%
Scene Four: Beyond This Life
67%
Scene One: Regression
67%
Scene Three: I. Through My Words
67%
Scene Two: II. Strange Deja Vu
67%
Scene Two: I. Overture 1928
67%
Space-Dye Vest
67%
The Great Debate
67%
The Root of All Evil
67%
The Shattered Fortress
67%
The Ytse Jam
67%
Afterlife
56%
Breaking All Illusions
56%
Build Me Up, Break Me Down
56%
Erotomania
56%
II. About to Crash
56%
Illumination Theory
56%
IV. The Test That Stumped Them All
56%
Never Enough
56%
Sacrificed Sons
56%
Scene Three II. Fatal Tragedy
56%
Stream of Consciousness
56%
The Best of Times
56%
The Dark Eternal Night
56%
These Walls
56%
The Silent Man
56%
Trial of Tears
56%
Vacant
56%
VII. About to Crash (Reprise)
56%
VIII. Losing Time/Grand Finale
56%
Voices
56%
Barstool Warrior
44%
Descent of the NOMACS
44%
Endless Sacrifice
44%
False Awakening Suite
44%
Forsaken
44%
Hell's Kitchen
44%
III. War Inside My Head
44%
In the Name of God
44%
Lie
44%
On the Backs of Angels
44%
Outcry
44%
Repentance
44%
Status Seeker
44%
The Answer
44%
The Answer Lies Within
44%
The Gift of Music
44%
The Killing Hand
44%
The Ministry of Lost Souls
44%
The Mirror
44%
The Ones Who Help to Set the Sun
44%
This Dying Soul
44%
Untethered Angel
44%
V. Goodnight Kiss
44%
VI. Solitary Shell
44%
Astonishing
33%
Blind Faith
33%
Bridges in the Sky
33%
Burning My Soul
33%
Fall into the Light
33%
Hollow Years
33%
Innocence Faded
33%
Lost Not Forgotten
33%
Pale Blue Dot
33%
Paralyzed
33%
Prophets of War
33%
S2N
33%
Scarred
33%
The Enemy Inside
33%
A Fortune in Lies
22%
Along for the Ride
22%
A Rite of Passage
22%
At Wit's End
22%
Beneath the Surface
22%
Disappear
22%
Dystopian Overture
22%
Far from Heaven
22%
Lifting Shadows Off a Dream
22%
Light Fuse and Get Away
22%
Lord Nafaryus
22%
Losing Faythe
22%
Machine Chatter
22%
New Millennium
22%
The X Aspect
22%
This Is the Life
22%
You Not Me
22%
Act of Faythe
11%
Enigma Machine
11%
Just Let Me Breathe
11%
Moment of Betrayal
11%
Only a Matter of Time
11%
Our New World
11%
Out of Reach
11%
Power Down
11%
Ravenskill
11%
Room 137
11%
Take Away My Pain
11%
The Looking Glass
11%
The Path That Divides
11%
Three Days
11%
2285 Entr'acte
0%
A Better Life
0%
A Life Left Behind
0%
A New Beginning
0%
A Savior in the Square
0%
A Tempting Offer
0%
Begin Again
0%
Behind the Veil
0%
Brother, Can You Hear Me?
0%
Chosen
0%
Digital Discord
0%
Heaven's Cove
0%
Hymn of a Thousand Voices
0%
My Last Farewell
0%
Surrender to Reason
0%
The Bigger Picture
0%
The Hovering Sojourn
0%
The Road to Revolution
0%
The Walking Shadow
0%
When Your Time Has Come
0%
Whispers on the Wind
0%

Score Distribution

Percentile by Number Answered

Percent of People with Each Score

Your Score History

You have not taken this quiz